[Event "Poronin Tatra Limba op-B"]
[Site "Poronin"]
[Date "2021.05.28"]
[Round "9.17"]
[White "Kolcon, Waclaw"]
[Black "Wojdak, Karol"]
[Result "1/2-1/2"]
[WhiteElo "1197"]
[BlackElo "1406"]
[PlyCount "89"]
[EventDate "2021.05.22"]
[EventType "swiss"]
[EventRounds "9"]
[EventCountry "POL"]
[SourceTitle "EXT 2022"]
[Source "ChessBase"]
[SourceDate "2021.10.06"]
[SourceVersion "1"]
[SourceVersionDate "2021.10.06"]
[SourceQuality "1"]

1. e4 e5 2. Nf3 Nc6 3. Bb5 a6 4. Ba4 b5 5. Bb3 Bc5 6. c3 d6 7. d3 Nf6 8. h3 h6 9. Nbd2 0-0 10. 0-0 Ba7 11. Re1 Na5 12. Bc2 c5 13. Nf1 Be6 14. d4 cxd4 15. cxd4 Qc7 16. d5 Bd7 17. b3 Rac8 18. Bd3 Bb6 19. Bd2 Qa7 20. Ne3 Rc7 21. Qe2 Rfc8 22. Rec1 Nb7 23. b4 Nd8 24. Rxc7 Rxc7 25. Qe1 Nh5 26. Rc1 Nf4 27. Bf1 f6 28. Rxc7 Qxc7 29. Qc1 Qxc1 30. Bxc1 Nf7 31. Kh2 g5 32. g3 Ng6 33. Kg2 Bxe3 34. Bxe3 f5 35. Bd3 f4 36. Bd2 h5 37. Bc2 g4 38. hxg4 hxg4 39. Nh2 f3+ 40. Kg1 Kg7 41. Nf1 Kf6 42. Ne3 Ne7 43. Nd1 Nc8 44. Be3 Ng5 45. Nc3 1/2-1/2

[Event "Poronin Tatra Limba op-B"]
[Site "Poronin"]
[Date "2021.05.22"]
[Round "1.20"]
[White "Wojdak, Karol"]
[Black "Popczynska, Michalina"]
[Result "1-0"]
[WhiteElo "1406"]
[BlackElo "1091"]
[PlyCount "183"]
[EventDate "2021.05.22"]
[EventType "swiss"]
[EventRounds "9"]
[EventCountry "POL"]
[SourceTitle "EXT 2022"]
[Source "ChessBase"]
[SourceDate "2021.10.06"]
[SourceVersion "1"]
[SourceVersionDate "2021.10.06"]
[SourceQuality "1"]

1. e4 e6 2. Nf3 d5 3. Nc3 dxe4 4. Nxe4 Nd7 5. d4 Ngf6 6. Bd3 Be7 7. 0-0 0-0 8. Re1 b6 9. c3 Bb7 10. Qc2 h6 11. Bf4 Nxe4 12. Bxe4 Bxe4 13. Qxe4 Nf6 14. Qe2 Bd6 15. Ne5 Nd5 16. Bd2 Qh4 17. g3 Qe7 18. Qf3 Bxe5 19. Rxe5 Qf6 20. Qg4 Ne7 21. Rae1 Ng6 22. R5e3 Rad8 23. Rf3 Qe7 24. h4 Kh7 25. Qe4 Kg8 26. h5 Nh8 27. Qg4 Kh7 28. Qe4+ Kg8 29. Kg2 Rd6 30. Bc1 Rfd8 31. Bf4 R6d7 32. Be5 Qg5 33. g4 f5 34. Qf4 Qxg4+ 35. Qxg4 fxg4 36. Rg3 Nf7 37. Rxg4 Nxe5 38. Rxe5 Re8 39. Rg6 Rde7 40. Kg3 Kf7 41. f4 Kf8 42. Kf3 Kf7 43. Re1 Rd7 44. Reg1 Kf8 45. Ke4 c5 46. dxc5 bxc5 47. R1g2 Ree7 48. R2g3 Rd2 49. Rg2 Rdd7 50. R6g3 Rd5 51. Rh2 Rd1 52. Rd3 Re1+ 53. Re3 Rd1 54. Ke5 Rd5+ 55. Ke4 Rdd7 56. Rd3 Rxd3 57. Kxd3 Kf7 58. Kc4 e5 59. Rf2 Ke8 60. Kxc5 exf4 61. Rxf4 Re5+ 62. Kd4 Rxh5 63. b4 g5 64. Rg4 Rh4 65. Rxh4 gxh4 66. Ke4 h3 67. Kf3 h2 68. Kg2 h1Q+ 69. Kxh1 Kd7 70. c4 Kc6 71. Kg2 a6 72. Kg3 Kb6 73. Kg4 a5 74. a3 a4 75. Kh5 Kc6 76. Kxh6 Kd6 77. Kg5 Ke5 78. c5 Kd5 79. Kf4 Kc6 80. Ke4 Kb5 81. Kd3 Kc6 82. Kc4 Kc7 83. b5 Kb7 84. Kb4 Ka7 85. Kxa4 Kb7 86. Ka5 Kc7 87. Ka6 Kb8 88. Kb6 Ka8 89. Kc7 Ka7 90. c6 Ka8 91. Kd8 Kb8 92. c7+ 1-0

[Event "Poznan op 27th"]
[Site "Poznan"]
[Date "2019.08.23"]
[Round "7"]
[White "Geselle, Roman"]
[Black "Wojdak, Karol"]
[Result "0-1"]
[WhiteElo "1402"]
[BlackElo "1457"]
[PlyCount "58"]
[EventDate "2019.08.18"]
[EventType "swiss"]
[EventRounds "9"]
[EventCountry "POL"]
[SourceTitle "EXT 2020"]
[Source "ChessBase"]
[SourceDate "2019.10.17"]
[SourceVersion "1"]
[SourceVersionDate "2019.10.17"]
[SourceQuality "1"]

1. d4 Nf6 2. Nf3 c6 3. c4 d5 4. e3 e6 5. Nc3 Bb4 6. Bd2 Nbd7 7. a3 Bxc3 8. Bxc3 0-0 9. b4 b6 10. Bd3 a5 11. bxa5 bxa5 12. c5 Ba6 13. 0-0 Bxd3 14. Qxd3 Ne4 15. Bb2 Qc7 16. Rab1 Rfb8 17. Ba1 h6 18. g3 a4 19. Nh4 Qa5 20. f3 Qd2 21. Rxb8+ Rxb8 22. Qxd2 Nxd2 23. Rd1 Nc4 24. Kf2 Nxa3 25. Rd2 Nc4 26. Ra2 a3 27. Re2 Rb1 28. Bc3 Nb2 29. Ng2 Nd1+ 0-1